Marketing fashion / (Record no. 17462)

MARC details
000 -LEADER
fixed length control field 00992pam a2200313 i 4500
001 - CONTROL NUMBER
control field 015721550
003 - CONTROL NUMBER IDENTIFIER
control field EG-ScBUE
005 - DATE AND TIME OF LATEST TRANSACTION
control field 20230110114718.0
008 - FIXED-LENGTH DATA ELEMENTS--GENERAL INFORMATION
fixed length control field 101220s2011 enka f b 001 0 eng d
020 ## - INTERNATIONAL STANDARD BOOK NUMBER
International Standard Book Number 9781856697231 (pbk.)
020 ## - INTERNATIONAL STANDARD BOOK NUMBER
International Standard Book Number 1856697231 (pbk.)
040 ## - CATALOGING SOURCE
Original cataloging agency EG-ScBUE
Language of cataloging eng
Description conventions rda
Transcribing agency EG-ScBUE
Modifying agency EG-ScBUE
082 04 - DEWEY DECIMAL CLASSIFICATION NUMBER
Classification number 746.920688
Edition number 22
Item number POS
100 1# - MAIN ENTRY--PERSONAL NAME
Personal name Posner, Harriet,
Relator term author.
9 (RLIN) 33184
245 10 - TITLE STATEMENT
Title Marketing fashion /
Statement of responsibility, etc Harriet Posner.
264 #1 - PUBLICATION, DISTRIBUTION, ETC. (IMPRINT)
Place of publication, distribution, etc London :
Name of publisher, distributor, etc Laurence King Publishing,
Date of publication, distribution, etc 2011.
300 ## - PHYSICAL DESCRIPTION
Extent 224 pages :
Other physical details color illustrations ;
Dimensions 26 cm.
336 ## - CONTENT TYPE
Source rdacontent
Content type term text
Content type code txt
337 ## - MEDIA TYPE
Source rdamedia
Media type term unmediated
Media type code n
338 ## - CARRIER TYPE
Source rdacarrier
Carrier type term volume
Carrier type code nc
490 0# - SERIES STATEMENT
Series statement Portfolio
504 ## - BIBLIOGRAPHY, ETC. NOTE
Bibliography, etc Includes bibliographical references and index.
650 #7 - SUBJECT ADDED ENTRY--TOPICAL TERM
Topical term or geographic name as entry element Fashion merchandising.
9 (RLIN) 32994
Source of heading or term BUEsh
650 #7 - SUBJECT ADDED ENTRY--TOPICAL TERM
Topical term or geographic name as entry element Fashion merchandising
Form subdivision Case studies.
9 (RLIN) 33185
Source of heading or term BUEsh
651 ## - SUBJECT ADDED ENTRY--GEOGRAPHIC NAME
Source of heading or term BUEsh
653 ## - INDEX TERM--UNCONTROLLED
Arrived date list May2013
Resource For college Arts and Design
655 ## - INDEX TERM--GENRE/FORM
Form subdivision Reading book
942 ## - ADDED ENTRY ELEMENTS (KOHA)
Source of classification or shelving scheme Dewey Decimal Classification
Koha item type Book - Borrowing
Holdings
Withdrawn status Lost status Source of classification or shelving scheme Damaged status Not for loan Collection code Home library Current library Shelving location Date acquired Source of acquisition Total Checkouts Full call number Barcode Date last seen Date checked out Price effective from Koha item type Total Renewals
    Dewey Decimal Classification     Baccah Central Library Central Library Second Floor 14/05/2013 Purchase 1 746.920688 POS 000028728 15/07/2025 18/04/2017 14/05/2013 NB - Book (Non borrowing)  
    Dewey Decimal Classification     Baccah Central Library Central Library Second Floor 14/05/2013 Purchase 3 746.920688 POS 000028729 15/07/2025 29/03/2015 14/05/2013 Book - Borrowing 34
    Dewey Decimal Classification     Baccah Central Library Central Library Second Floor 14/05/2013 Purchase 1 746.920688 POS 000028730 15/07/2025 01/11/2014 14/05/2013 Book - Borrowing 10